Forensic accounting and fraud investigation for non-experts (Record no. 71633)
[ view plain ]
| 000 -LEADER | |
|---|---|
| fixed length control field | 01378nam a2200349 a 4500 |
| 082 04 - DEWEY DECIMAL CLASSIFICATION NUMBER | |
| Classification number | 363.25/963 |
| 100 1# - MAIN ENTRY--AUTHOR NAME | |
| Personal name | Silverstone, Howard. |
| 245 10 - TITLE STATEMENT | |
| Title | Forensic accounting and fraud investigation for non-experts |
| 250 ## - EDITION STATEMENT | |
| Edition statement | 3rd ed. |
| 260 ## - PUBLICATION, DISTRIBUTION, ETC. (IMPRINT) | |
| Place of publication | Hoboken, N.J. : |
| Name of publisher | Wiley, |
| Year of publication | c2012. |
| 300 ## - PHYSICAL DESCRIPTION | |
| Number of Pages | xvi, 320 p. : |
| Other physical details | ill. |
| 505 0# - FORMATTED CONTENTS NOTE | |
| Formatted contents note | pt. I. Forensic accounting and fraud overview -- pt. II. Financial crime investigation. |
| 650 #0 - SUBJECT ADDED ENTRY--TOPICAL TERM | |
| Topical Term | Fraud investigation. |
| Topical Term | Forensic accounting. |
| Topical Term | Fraud |
| 856 40 - ELECTRONIC LOCATION AND ACCESS | |
| Uniform Resource Identifier | http://site.ebrary.com/lib/rucke/Doc?id=10630602 |
No items available.
